[Event "World Chess Olympiad 2018"]
[Site "Batumi"]
[Date "2018.09.27"]
[Round "4"]
[Board "2"]
[WhiteFideId "605506"]
[White "Bacrot Etienne"]
[BlackFideId "12401110"]
[Black "Nguyen Ngoc Truong Son"]
[Result "1/2-1/2"]
[LiveChessVersion "1.4.8"]
[BlackElo "2620"]
[WhiteElo "2678"]

1. e4 {[%clk 1:30:56]} e5 {[%clk 1:30:32]} 2. Nf3 {[%clk 1:31:18]} Nc6
{[%clk 1:30:33]} 3. Bc4 {[%clk 1:31:41]} Bc5 {[%clk 1:30:45]} 4. c3
{[%clk 1:31:45]} Nf6 {[%clk 1:31:00]} 5. d3 {[%clk 1:32:07]} a6 {[%clk 1:30:17]}
6. O-O {[%clk 1:26:15]} d6 {[%clk 1:29:48]} 7. a4 {[%clk 1:25:13]} h6
{[%clk 1:30:01]} 8. Re1 {[%clk 1:22:05]} Ba7 {[%clk 1:29:41]} 9. Nbd2
{[%clk 1:21:17]} O-O {[%clk 1:23:41]} 10. h3 {[%clk 1:16:17]} Re8
{[%clk 1:23:33]} 11. b4 {[%clk 1:14:41]} Be6 {[%clk 1:22:15]} 12. Bxe6
{[%clk 1:14:05]} Rxe6 {[%clk 1:22:35]} 13. Qc2 {[%clk 1:14:18]} Qd7
{[%clk 1:09:58]} 14. Nf1 {[%clk 1:14:25]} Rd8 {[%clk 1:06:18]} 15. b5
{[%clk 1:03:40]} Ne7 {[%clk 1:06:03]} 16. d4 {[%clk 1:03:20]} exd4
{[%clk 1:00:39]} 17. cxd4 {[%clk 1:02:32]} d5 {[%clk 1:00:40]} 18. e5
{[%clk 1:02:01]} Ne4 {[%clk 1:01:02]} 19. N1d2 {[%clk 0:59:38]} axb5
{[%clk 0:57:32]} 20. axb5 {[%clk 0:59:53]} Bb6 {[%clk 0:57:41]} 21. Nxe4
{[%clk 0:56:14]} dxe4 {[%clk 0:58:06]} 22. Qxe4 {[%clk 0:56:28]} Qxb5
{[%clk 0:56:46]} 23. Qxb7 {[%clk 0:52:21]} Qc6 {[%clk 0:56:03]} 24. Qxc6
{[%clk 0:50:33]} Nxc6 {[%clk 0:55:32]} 25. Be3 {[%clk 0:49:28]} Nxd4
{[%clk 0:55:20]} 26. Bxd4 {[%clk 0:47:18]} Bxd4 {[%clk 0:55:44]} 27. Rad1
{[%clk 0:47:03]} c5 {[%clk 0:56:08]} 28. Nxd4 {[%clk 0:47:02]} cxd4
{[%clk 0:55:24]} 29. Re4 {[%clk 0:46:13]} f6 {[%clk 0:55:40]} 30. Rexd4
{[%clk 0:46:30]} Rxd4 {[%clk 0:56:06]} 1/2-1/2

[Event "World Chess Olympiad 2018"]
[Site "Batumi"]
[Date "2018.09.27"]
[Round "4"]
[Board "3"]
[WhiteFideId "12401820"]
[White "Tran Tuan Minh"]
[BlackFideId "633429"]
[Black "Edouard Romain"]
[Result "1/2-1/2"]
[LiveChessVersion "1.4.8"]
[BlackElo "2646"]
[WhiteElo "2491"]

1. d4 {[%clk 1:30:42]} Nf6 {[%clk 1:30:56]} 2. c4 {[%clk 1:31:02]} e6
{[%clk 1:31:22]} 3. Nf3 {[%clk 1:31:15]} d5 {[%clk 1:31:37]} 4. Nc3
{[%clk 1:31:34]} c5 {[%clk 1:31:23]} 5. cxd5 {[%clk 1:31:29]} cxd4
{[%clk 1:29:34]} 6. Qxd4 {[%clk 1:30:51]} exd5 {[%clk 1:29:41]} 7. e4
{[%clk 1:29:57]} Nc6 {[%clk 1:29:51]} 8. Bb5 {[%clk 1:30:17]} dxe4
{[%clk 1:30:17]} 9. Qxd8+ {[%clk 1:29:46]} Kxd8 {[%clk 1:30:43]} 10. Ng5
{[%clk 1:29:47]} Be6 {[%clk 1:31:09]} 11. Nxe6+ {[%clk 1:29:51]} fxe6
{[%clk 1:31:31]} 12. Bxc6 {[%clk 1:30:06]} bxc6 {[%clk 1:31:56]} 13. Bg5
{[%clk 1:30:14]} Bb4 {[%clk 1:28:55]} 14. O-O-O+ {[%clk 1:30:31]} Kc7
{[%clk 1:28:42]} 15. Bxf6 {[%clk 1:24:33]} gxf6 {[%clk 1:28:52]} 16. Nxe4
{[%clk 1:24:57]} f5 {[%clk 1:21:41]} 17. Ng5 {[%clk 1:22:11]} Rhe8
{[%clk 1:21:59]} 18. Rd4 {[%clk 1:05:20]} Bc5 {[%clk 1:18:55]} 19. Rf4
{[%clk 1:05:03]} h6 {[%clk 1:13:08]} 20. Nf7 {[%clk 1:04:51]} Be7
{[%clk 0:45:53]} 21. Kc2 {[%clk 0:56:33]} Bf6 {[%clk 0:41:38]} 22. Re1
{[%clk 0:56:43]} Rab8 {[%clk 0:40:38]} 23. Ne5 {[%clk 0:56:27]} Rb5
{[%clk 0:38:42]} 24. Nc4 {[%clk 0:55:12]} Rd5 {[%clk 0:37:19]} 25. Rf3
{[%clk 0:52:19]} h5 {[%clk 0:35:41]} 26. Ra3 {[%clk 0:34:10]} Bd4
{[%clk 0:35:45]} 27. f4 {[%clk 0:33:49]} h4 {[%clk 0:35:51]} 28. Rh3
{[%clk 0:30:31]} Bf6 {[%clk 0:35:34]} 29. b3 {[%clk 0:25:46]} Kd7
{[%clk 0:32:44]} 30. Rhe3 {[%clk 0:24:47]} Bd4 {[%clk 0:32:48]} 31. Rh3
{[%clk 0:21:07]} Bf6 {[%clk 0:32:53]} 32. Re2 {[%clk 0:21:07]} Ke7
{[%clk 0:29:30]} 33. Ne5 {[%clk 0:15:54]} Bxe5 {[%clk 0:20:03]} 34. fxe5
{[%clk 0:14:48]} Rh8 {[%clk 0:20:16]} 35. Rc3 {[%clk 0:14:51]} Kd7
{[%clk 0:19:11]} 36. Rc4 {[%clk 0:15:01]} a5 {[%clk 0:18:28]} 37. Kb2
{[%clk 0:14:56]} Kc7 {[%clk 0:16:19]} 38. Rec2 {[%clk 0:06:32]} Rxe5
{[%clk 0:16:38]} 39. Rxc6+ {[%clk 0:06:56]} Kd7 {[%clk 0:13:53]} 40. Rc7+
{[%clk 0:31:17]} Kd6 {[%clk 0:44:20]} 41. Rg7 {[%clk 0:23:59]} 1/2-1/2

[Event "World Chess Olympiad 2018"]
[Site "Batumi"]
[Date "2018.09.27"]
[Round "4"]
[Board "1"]
[WhiteFideId "2805677"]
[White "Gelfand Boris"]
[BlackFideId "1710400"]
[Black "Grandelius Nils"]
[Result "0-1"]
[LiveChessVersion "1.4.8"]
[BlackElo "2655"]
[WhiteElo "2703"]

1. d4 {[%clk 1:30:57]} d5 {[%clk 1:30:11]} 2. c4 {[%clk 1:31:22]} c6
{[%clk 1:30:24]} 3. Nf3 {[%clk 1:31:25]} Nf6 {[%clk 1:30:40]} 4. e3
{[%clk 1:31:25]} Bf5 {[%clk 1:30:01]} 5. Nc3 {[%clk 1:31:40]} a6 {[%clk 1:30:06]}
6. Qb3 {[%clk 1:31:06]} b5 {[%clk 1:29:03]} 7. c5 {[%clk 1:30:10]} a5
{[%clk 1:28:02]} 8. Nh4 {[%clk 1:29:08]} Bc8 {[%clk 1:25:34]} 9. f4
{[%clk 1:28:37]} g6 {[%clk 1:25:12]} 10. Bd3 {[%clk 1:22:49]} Nh5
{[%clk 1:24:46]} 11. Nf3 {[%clk 1:11:02]} Bf5 {[%clk 1:24:29]} 12. e4
{[%clk 1:04:42]} a4 {[%clk 1:13:43]} 13. Qc2 {[%clk 0:59:47]} dxe4
{[%clk 1:13:58]} 14. Bxe4 {[%clk 0:57:53]} Bxe4 {[%clk 1:12:50]} 15. Nxe4
{[%clk 0:55:53]} Bg7 {[%clk 1:08:39]} 16. O-O {[%clk 0:53:51]} O-O
{[%clk 1:05:56]} 17. f5 {[%clk 0:47:40]} gxf5 {[%clk 0:41:52]} 18. Nc3
{[%clk 0:39:21]} e6 {[%clk 0:36:16]} 19. g4 {[%clk 0:37:50]} fxg4
{[%clk 0:25:21]} 20. Ng5 {[%clk 0:36:08]} f5 {[%clk 0:25:04]} 21. Nxe6
{[%clk 0:35:34]} Qh4 {[%clk 0:25:01]} 22. Ne2 {[%clk 0:23:01]} g3
{[%clk 0:18:16]} 23. N2f4 {[%clk 0:15:12]} Re8 {[%clk 0:17:31]} 24. Nxg7
{[%clk 0:09:41]} Nxg7 {[%clk 0:16:53]} 25. hxg3 {[%clk 0:09:33]} Qxg3+
{[%clk 0:17:17]} 26. Qg2 {[%clk 0:09:46]} Qxg2+ {[%clk 0:13:49]} 27. Nxg2
{[%clk 0:10:12]} Re4 {[%clk 0:11:09]} 28. Bh6 {[%clk 0:09:43]} Nd7
{[%clk 0:11:02]} 29. Bxg7 {[%clk 0:07:30]} Kxg7 {[%clk 0:11:30]} 30. Rxf5
{[%clk 0:07:56]} Rf8 {[%clk 0:10:34]} 31. Rxf8 {[%clk 0:05:12]} Nxf8
{[%clk 0:07:14]} 32. Rd1 {[%clk 0:05:14]} Ne6 {[%clk 0:06:29]} 33. d5
{[%clk 0:05:42]} cxd5 {[%clk 0:06:52]} 34. Rxd5 {[%clk 0:06:10]} Re2
{[%clk 0:05:02]} 35. Rd7+ {[%clk 0:05:30]} Kf6 {[%clk 0:05:19]} 36. c6
{[%clk 0:02:54]} Rxb2 {[%clk 0:04:36]} 37. c7 {[%clk 0:02:57]} Nxc7
{[%clk 0:04:25]} 38. Rxc7 {[%clk 0:03:17]} Rxa2 {[%clk 0:04:54]} 39. Rc6+
{[%clk 0:02:35]} Kf7 {[%clk 0:01:18]} 40. Rb6 {[%clk 0:32:20]} Rb2
{[%clk 0:31:21]} 41. Ra6 {[%clk 0:29:38]} Ke7 {[%clk 0:23:41]} 42. Ne3
{[%clk 0:25:14]} Kd7 {[%clk 0:23:44]} 43. Nd5 {[%clk 0:24:53]} Kc8
{[%clk 0:22:38]} 44. Rc6+ {[%clk 0:13:28]} Kb8 {[%clk 0:19:17]} 45. Rc3
{[%clk 0:12:29]} h5 {[%clk 0:17:44]} 46. Kf1 {[%clk 0:08:41]} h4 {[%clk 0:14:53]}
47. Rh3 {[%clk 0:07:39]} Kb7 {[%clk 0:14:56]} 48. Ke1 {[%clk 0:05:40]} Kc6
{[%clk 0:14:06]} 49. Nc3 {[%clk 0:04:56]} a3 {[%clk 0:11:44]} 50. Kd1
{[%clk 0:02:53]} b4 {[%clk 0:10:29]} 51. Kc1 {[%clk 0:01:44]} Rb3
{[%clk 0:10:18]} 52. Rxh4 {[%clk 0:01:51]} Rxc3+ {[%clk 0:10:40]} 53. Kb1
{[%clk 0:02:19]} Kb5 {[%clk 0:10:55]} 0-1

[Event "World Chess Olympiad 2018"]
[Site "Batumi"]
[Date "2018.09.27"]
[Round "4"]
[Board "2"]
[WhiteFideId "1700812"]
[White "Hillarp Persson Tiger"]
[BlackFideId "2806851"]
[Black "Rodshtein Maxim"]
[Result "0-1"]
[LiveChessVersion "1.4.8"]
[BlackElo "2674"]
[WhiteElo "2544"]

1. Nf3 {[%clk 1:30:56]} d5 {[%clk 1:30:37]} 2. c4 {[%clk 1:31:16]} d4
{[%clk 1:30:27]} 3. b4 {[%clk 1:31:39]} f6 {[%clk 1:30:13]} 4. Na3
{[%clk 1:31:59]} e5 {[%clk 1:30:14]} 5. Nc2 {[%clk 1:32:21]} Na6 {[%clk 1:11:34]}
6. c5 {[%clk 1:32:37]} Ne7 {[%clk 1:07:13]} 7. a3 {[%clk 1:14:47]} c6
{[%clk 1:01:41]} 8. e4 {[%clk 1:08:25]} Nc7 {[%clk 0:57:40]} 9. Bc4
{[%clk 1:03:37]} Be6 {[%clk 0:57:29]} 10. Bxe6 {[%clk 1:03:30]} Nxe6
{[%clk 0:57:52]} 11. d3 {[%clk 1:03:55]} Qd7 {[%clk 0:55:29]} 12. g3
{[%clk 0:53:31]} g6 {[%clk 0:52:01]} 13. Nd2 {[%clk 0:50:02]} Bg7
{[%clk 0:48:46]} 14. Nc4 {[%clk 0:49:27]} O-O {[%clk 0:48:55]} 15. O-O
{[%clk 0:49:50]} Rab8 {[%clk 0:36:42]} 16. a4 {[%clk 0:44:42]} b6
{[%clk 0:33:36]} 17. cxb6 {[%clk 0:44:45]} axb6 {[%clk 0:34:02]} 18. a5
{[%clk 0:44:15]} Nc8 {[%clk 0:31:08]} 19. Ne1 {[%clk 0:39:09]} b5
{[%clk 0:29:36]} 20. Nd2 {[%clk 0:39:14]} Nd6 {[%clk 0:24:54]} 21. Nb3
{[%clk 0:37:37]} f5 {[%clk 0:23:55]} 22. f3 {[%clk 0:36:28]} Ne8 {[%clk 0:16:48]}
23. Ra2 {[%clk 0:34:01]} N8c7 {[%clk 0:16:36]} 24. Re2 {[%clk 0:26:15]} Na6
{[%clk 0:16:47]} 25. Bd2 {[%clk 0:22:35]} Rf7 {[%clk 0:14:56]} 26. Ng2
{[%clk 0:19:20]} Rbf8 {[%clk 0:13:08]} 27. exf5 {[%clk 0:18:02]} Rxf5
{[%clk 0:13:21]} 28. Ne1 {[%clk 0:16:38]} Qd6 {[%clk 0:12:48]} 29. Qc1
{[%clk 0:15:53]} Qd5 {[%clk 0:10:47]} 30. Na1 {[%clk 0:15:38]} c5
{[%clk 0:07:39]} 31. bxc5 {[%clk 0:15:45]} Nexc5 {[%clk 0:08:05]} 32. Qb1
{[%clk 0:13:25]} Rb8 {[%clk 0:07:53]} 33. Nac2 {[%clk 0:12:44]} Na4
{[%clk 0:07:47]} 34. Qa1 {[%clk 0:11:04]} Qb3 {[%clk 0:06:45]} 35. f4
{[%clk 0:11:18]} Nc3 {[%clk 0:05:04]} 36. Bxc3 {[%clk 0:11:37]} dxc3
{[%clk 0:05:29]} 37. Nf3 {[%clk 0:08:09]} b4 {[%clk 0:04:41]} 38. Ne3
{[%clk 0:08:06]} Rff8 {[%clk 0:03:48]} 39. fxe5 {[%clk 0:08:19]} Qe6
{[%clk 0:03:11]} 40. d4 {[%clk 0:38:10]} Bh6 {[%clk 0:32:35]} 41. Qd1
{[%clk 0:32:04]} Rbd8 {[%clk 0:18:59]} 42. Qd3 {[%clk 0:28:57]} Nc7
{[%clk 0:14:22]} 43. Nc4 {[%clk 0:24:47]} Qa6 {[%clk 0:08:27]} 44. h4
{[%clk 0:09:29]} Nd5 {[%clk 0:06:06]} 45. e6 {[%clk 0:09:53]} Rde8
{[%clk 0:05:58]} 46. Ng5 {[%clk 0:04:21]} Rxf1+ {[%clk 0:06:08]} 47. Kxf1
{[%clk 0:04:44]} Bxg5 {[%clk 0:05:39]} 48. hxg5 {[%clk 0:05:08]} b3
{[%clk 0:05:53]} 49. Kg2 {[%clk 0:03:47]} Rxe6 {[%clk 0:03:50]} 50. Rxe6
{[%clk 0:02:36]} Qxe6 {[%clk 0:04:16]} 51. Ne5 {[%clk 0:02:56]} c2
{[%clk 0:04:04]} 0-1

[Event "World Chess Olympiad 2018"]
[Site "Batumi"]
[Date "2018.09.27"]
[Round "4"]
[Board "3"]
[WhiteFideId "2809052"]
[White "Nabaty Tamir"]
[BlackFideId "1706446"]
[Black "Tikkanen Hans"]
[Result "1-0"]
[LiveChessVersion "1.4.8"]
[BlackElo "2520"]
[WhiteElo "2692"]

1. d4 {[%clk 1:30:57]} Nf6 {[%clk 1:30:50]} 2. Nf3 {[%clk 1:31:15]} g6
{[%clk 1:31:08]} 3. Nbd2 {[%clk 1:31:35]} c5 {[%clk 1:31:06]} 4. dxc5
{[%clk 1:31:57]} Qa5 {[%clk 1:31:22]} 5. b3 {[%clk 1:32:01]} Bg7 {[%clk 1:27:53]}
6. Bb2 {[%clk 1:32:18]} Qxc5 {[%clk 1:25:59]} 7. e3 {[%clk 1:30:02]} O-O
{[%clk 1:24:20]} 8. c4 {[%clk 1:30:23]} b6 {[%clk 1:15:27]} 9. Be2
{[%clk 1:29:16]} Bb7 {[%clk 1:15:02]} 10. O-O {[%clk 1:29:37]} Re8
{[%clk 1:06:18]} 11. Nd4 {[%clk 1:27:46]} e5 {[%clk 0:46:40]} 12. Nb5
{[%clk 1:25:51]} a6 {[%clk 0:46:30]} 13. Nc3 {[%clk 1:18:46]} d5 {[%clk 0:42:10]}
14. cxd5 {[%clk 1:07:45]} Nxd5 {[%clk 0:42:14]} 15. Nce4 {[%clk 1:07:24]} Qe7
{[%clk 0:40:15]} 16. Nc4 {[%clk 1:06:55]} Rd8 {[%clk 0:23:23]} 17. Ba3
{[%clk 0:59:51]} Qh4 {[%clk 0:14:38]} 18. Ncd6 {[%clk 0:56:19]} Nf6
{[%clk 0:14:09]} 19. Nd2 {[%clk 0:49:51]} Bc6 {[%clk 0:03:30]} 20. Qc2
{[%clk 0:39:22]} Bf8 {[%clk 0:02:01]} 21. Nf3 {[%clk 0:25:47]} Bxf3
{[%clk 0:00:32]} 22. Bxf3 {[%clk 0:26:14]} Ra7 {[%clk 0:00:32]} 23. Nc8
{[%clk 0:24:46]} e4 {[%clk 0:00:37]} 24. Be2 {[%clk 0:24:58]} Rad7
{[%clk 0:00:35]} 25. Bxf8 {[%clk 0:24:52]} Kxf8 {[%clk 0:00:34]} 26. Nxb6
{[%clk 0:25:00]} Rd2 {[%clk 0:00:31]} 27. Qc7 {[%clk 0:24:49]} Nd5
{[%clk 0:00:31]} 28. Nxd5 {[%clk 0:20:46]} R2xd5 {[%clk 0:00:59]} 29. Rad1
{[%clk 0:20:55]} Qe7 {[%clk 0:01:11]} 30. Qc3 {[%clk 0:21:10]} f6
{[%clk 0:01:02]} 31. Rxd5 {[%clk 0:21:21]} Rxd5 {[%clk 0:01:25]} 32. Bxa6
{[%clk 0:20:42]} Nxa6 {[%clk 0:00:34]} 33. Qc8+ {[%clk 0:21:07]} Qd8
{[%clk 0:00:38]} 34. Qxa6 {[%clk 0:21:30]} Rd2 {[%clk 0:00:31]} 35. h4
{[%clk 0:19:34]} f5 {[%clk 0:00:38]} 36. a4 {[%clk 0:16:21]} 1-0

[Event "World Chess Olympiad 2018"]
[Site "Batumi"]
[Date "2018.09.27"]
[Round "4"]
[Board "4"]
[WhiteFideId "1709437"]
[White "Blomqvist Erik"]
[BlackFideId "2801990"]
[Black "Smirin Ilia"]
[Result "0-1"]
[LiveChessVersion "1.4.8"]
[BlackElo "2594"]
[WhiteElo "2499"]

1. e4 {[%clk 1:30:56]} c5 {[%clk 1:30:53]} 2. Nf3 {[%clk 1:31:20]} e6
{[%clk 1:31:01]} 3. d4 {[%clk 1:31:41]} cxd4 {[%clk 1:31:26]} 4. Nxd4
{[%clk 1:32:05]} a6 {[%clk 1:31:54]} 5. Bd3 {[%clk 1:32:23]} Bc5 {[%clk 1:32:02]}
6. Nb3 {[%clk 1:32:41]} Be7 {[%clk 1:32:01]} 7. Qg4 {[%clk 1:32:56]} g6
{[%clk 1:31:31]} 8. Qe2 {[%clk 1:33:17]} Nc6 {[%clk 1:31:06]} 9. O-O
{[%clk 1:32:57]} d6 {[%clk 1:30:15]} 10. Nc3 {[%clk 1:32:58]} b5 {[%clk 1:25:02]}
11. a4 {[%clk 1:33:07]} b4 {[%clk 1:25:01]} 12. Nd1 {[%clk 1:33:27]} Bb7
{[%clk 1:19:36]} 13. a5 {[%clk 1:32:08]} Nf6 {[%clk 1:14:14]} 14. Bh6
{[%clk 1:26:00]} Bf8 {[%clk 1:07:43]} 15. Bxf8 {[%clk 1:11:35]} Kxf8
{[%clk 1:07:22]} 16. Ne3 {[%clk 1:11:58]} Kg7 {[%clk 1:03:19]} 17. Nc4
{[%clk 1:10:50]} Qc7 {[%clk 0:52:29]} 18. f4 {[%clk 0:52:48]} d5 {[%clk 0:50:26]}
19. exd5 {[%clk 0:49:14]} exd5 {[%clk 0:49:36]} 20. Ne5 {[%clk 0:49:01]} Rhe8
{[%clk 0:46:11]} 21. Qf2 {[%clk 0:37:34]} Nxe5 {[%clk 0:40:59]} 22. fxe5
{[%clk 0:37:53]} Ng4 {[%clk 0:40:55]} 23. Qf4 {[%clk 0:35:50]} Nxe5
{[%clk 0:40:28]} 24. Ra4 {[%clk 0:34:28]} d4 {[%clk 0:32:32]} 25. Rxb4
{[%clk 0:32:49]} Bd5 {[%clk 0:32:58]} 26. Qxd4 {[%clk 0:21:48]} Qe7
{[%clk 0:20:41]} 27. Be4 {[%clk 0:17:41]} Bxe4 {[%clk 0:18:43]} 28. Qxe4
{[%clk 0:18:05]} Rad8 {[%clk 0:19:05]} 29. Rb7 {[%clk 0:17:04]} Rd7
{[%clk 0:16:59]} 30. Rxd7 {[%clk 0:16:47]} Qxd7 {[%clk 0:17:24]} 31. Nc5
{[%clk 0:16:22]} Qd2 {[%clk 0:16:46]} 32. b4 {[%clk 0:15:25]} f5 {[%clk 0:17:00]}
33. Qf4 {[%clk 0:11:53]} Qxc2 {[%clk 0:14:56]} 34. Qd4 {[%clk 0:09:09]} Qe2
{[%clk 0:12:01]} 35. h3 {[%clk 0:08:58]} h5 {[%clk 0:09:30]} 36. Rf2
{[%clk 0:07:23]} Qe1+ {[%clk 0:09:33]} 37. Kh2 {[%clk 0:06:31]} Re7
{[%clk 0:06:23]} 38. Rc2 {[%clk 0:03:59]} Kh7 {[%clk 0:04:37]} 39. Rf2
{[%clk 0:00:33]} Nc6 {[%clk 0:04:09]} 40. Qf4 0-1

[Event "World Chess Olympiad 2018"]
[Site "Batumi"]
[Date "2018.09.27"]
[Round "4"]
[Board "2"]
[WhiteFideId "5007003"]
[White "Harikrishna Pentala"]
[BlackFideId "5202213"]
[Black "So Wesley"]
[Result "1/2-1/2"]
[LiveChessVersion "1.4.8"]
[BlackElo "2776"]
[WhiteElo "2743"]

1. e4 {[%clk 1:30:56]} e5 {[%clk 1:30:48]} 2. Nf3 {[%clk 1:31:20]} Nc6
{[%clk 1:31:14]} 3. Bb5 {[%clk 1:31:29]} Nf6 {[%clk 1:31:40]} 4. O-O
{[%clk 1:31:29]} Nxe4 {[%clk 1:32:05]} 5. Re1 {[%clk 1:31:53]} Nd6
{[%clk 1:32:29]} 6. Nxe5 {[%clk 1:32:19]} Be7 {[%clk 1:32:55]} 7. Bf1
{[%clk 1:32:43]} Nxe5 {[%clk 1:33:19]} 8. Rxe5 {[%clk 1:33:08]} O-O
{[%clk 1:33:44]} 9. d4 {[%clk 1:32:29]} Bf6 {[%clk 1:32:05]} 10. Re1
{[%clk 1:32:40]} Re8 {[%clk 1:31:53]} 11. Rxe8+ {[%clk 1:32:37]} Nxe8
{[%clk 1:30:31]} 12. d5 {[%clk 1:33:02]} d6 {[%clk 1:29:36]} 13. Nd2
{[%clk 1:33:26]} c6 {[%clk 1:24:52]} 14. Nc4 {[%clk 1:29:32]} cxd5
{[%clk 1:14:15]} 15. Qxd5 {[%clk 1:29:53]} Qc7 {[%clk 1:14:21]} 16. Qd3
{[%clk 1:14:32]} Be6 {[%clk 1:12:57]} 17. Ne3 {[%clk 1:13:06]} Rd8
{[%clk 1:07:44]} 18. c3 {[%clk 1:11:02]} d5 {[%clk 1:03:39]} 19. Nc2
{[%clk 1:11:09]} Nd6 {[%clk 0:55:50]} 20. Nd4 {[%clk 1:09:52]} Qb6
{[%clk 0:56:13]} 21. Nxe6 {[%clk 1:07:03]} fxe6 {[%clk 0:56:40]} 22. Qe3
{[%clk 1:07:12]} Qxe3 {[%clk 0:55:39]} 23. Bxe3 {[%clk 1:07:34]} a6
{[%clk 0:52:57]} 24. Re1 {[%clk 0:53:39]} Kf7 {[%clk 0:51:03]} 25. g3
{[%clk 0:48:14]} b5 {[%clk 0:50:09]} 26. Kg2 {[%clk 0:45:45]} Nc4
{[%clk 0:43:04]} 27. Bc1 {[%clk 0:46:03]} a5 {[%clk 0:43:04]} 28. a3
{[%clk 0:43:05]} Rb8 {[%clk 0:35:16]} 29. Be2 {[%clk 0:38:17]} b4
{[%clk 0:33:22]} 30. axb4 {[%clk 0:35:35]} axb4 {[%clk 0:33:47]} 31. Bxc4
{[%clk 0:35:57]} dxc4 {[%clk 0:34:11]} 32. cxb4 {[%clk 0:36:22]} Rxb4
{[%clk 0:34:36]} 1/2-1/2

[Event "World Chess Olympiad 2018"]
[Site "Batumi"]
[Date "2018.09.27"]
[Round "4"]
[Board "4"]
[WhiteFideId "5004985"]
[White "Sasikiran Krishnan"]
[BlackFideId "2004887"]
[Black "Shankland Samuel"]
[Result "1/2-1/2"]
[LiveChessVersion "1.4.8"]
[BlackElo "2722"]
[WhiteElo "2672"]

1. e4 {[%clk 1:30:56]} e5 {[%clk 1:30:50]} 2. Nf3 {[%clk 1:31:14]} Nc6
{[%clk 1:31:17]} 3. Bb5 {[%clk 1:31:30]} Nf6 {[%clk 1:31:43]} 4. O-O
{[%clk 1:31:28]} Nxe4 {[%clk 1:32:08]} 5. d4 {[%clk 1:31:44]} Nd6
{[%clk 1:32:35]} 6. Bxc6 {[%clk 1:31:54]} dxc6 {[%clk 1:33:01]} 7. dxe5
{[%clk 1:32:11]} Nf5 {[%clk 1:33:29]} 8. Qxd8+ {[%clk 1:32:23]} Kxd8
{[%clk 1:33:55]} 9. Rd1+ {[%clk 1:30:52]} Ke8 {[%clk 1:32:21]} 10. b3
{[%clk 1:31:09]} h6 {[%clk 1:21:32]} 11. h3 {[%clk 1:28:53]} Be6 {[%clk 1:16:24]}
12. Bb2 {[%clk 1:16:48]} a5 {[%clk 1:08:24]} 13. c4 {[%clk 1:11:37]} Bb4
{[%clk 1:05:08]} 14. Na3 {[%clk 1:03:00]} Bxa3 {[%clk 0:53:23]} 15. Bxa3
{[%clk 1:03:19]} b6 {[%clk 0:53:51]} 16. g4 {[%clk 0:52:49]} Ne7 {[%clk 0:54:16]}
17. Nd4 {[%clk 0:52:33]} c5 {[%clk 0:53:54]} 18. Nb5 {[%clk 0:51:29]} Rc8
{[%clk 0:54:20]} 19. Na7 {[%clk 0:45:59]} Ra8 {[%clk 0:54:10]} 20. Nb5
{[%clk 0:46:24]} Rc8 {[%clk 0:54:38]} 21. Na7 {[%clk 0:37:33]} Ra8
{[%clk 0:55:01]} 1/2-1/2

[Event "World Chess Olympiad 2018"]
[Site "Batumi"]
[Date "2018.09.27"]
[Round "4"]
[Board "1"]
[WhiteFideId "316385"]
[White "Laznicka Viktor"]
[BlackFideId "12539929"]
[Black "Maghsoodloo Parham"]
[Result "1-0"]
[LiveChessVersion "1.4.8"]
[BlackElo "2649"]
[WhiteElo "2662"]

1. d4 {[%clk 1:30:57]} d5 {[%clk 1:30:38]} 2. c4 {[%clk 1:31:21]} c6
{[%clk 1:31:02]} 3. cxd5 {[%clk 1:30:51]} cxd5 {[%clk 1:31:24]} 4. Nc3
{[%clk 1:31:19]} Nf6 {[%clk 1:31:46]} 5. Bf4 {[%clk 1:31:41]} Nc6
{[%clk 1:31:37]} 6. e3 {[%clk 1:31:52]} a6 {[%clk 1:28:58]} 7. Bd3
{[%clk 1:26:27]} Bg4 {[%clk 1:27:58]} 8. f3 {[%clk 1:26:22]} Bh5 {[%clk 1:28:10]}
9. Nge2 {[%clk 1:26:41]} e6 {[%clk 1:27:40]} 10. O-O {[%clk 1:26:22]} Be7
{[%clk 1:27:02]} 11. Bg3 {[%clk 1:26:33]} Bg6 {[%clk 1:25:16]} 12. Nf4
{[%clk 1:25:45]} O-O {[%clk 1:24:15]} 13. Nxg6 {[%clk 1:14:19]} hxg6
{[%clk 1:23:42]} 14. Rc1 {[%clk 1:06:36]} Rc8 {[%clk 1:18:25]} 15. Qe2
{[%clk 1:02:33]} Nd7 {[%clk 1:09:22]} 16. Bf2 {[%clk 0:55:15]} Nb6
{[%clk 1:07:08]} 17. Rcd1 {[%clk 0:51:38]} Nb4 {[%clk 1:03:12]} 18. Bb1
{[%clk 0:51:09]} Nc4 {[%clk 1:03:36]} 19. e4 {[%clk 0:50:47]} b5 {[%clk 1:00:20]}
20. e5 {[%clk 0:36:41]} Qc7 {[%clk 0:55:08]} 21. Be1 {[%clk 0:37:05]} Nc6
{[%clk 0:52:37]} 22. f4 {[%clk 0:30:59]} Qb6 {[%clk 0:45:10]} 23. Bf2
{[%clk 0:27:08]} Bb4 {[%clk 0:44:43]} 24. Rd3 {[%clk 0:24:11]} Ne7
{[%clk 0:42:44]} 25. Nd1 {[%clk 0:23:15]} Qa7 {[%clk 0:42:46]} 26. Ne3
{[%clk 0:17:04]} Ba5 {[%clk 0:40:19]} 27. g4 {[%clk 0:14:31]} Bb6
{[%clk 0:40:38]} 28. Ng2 {[%clk 0:14:50]} Na5 {[%clk 0:37:54]} 29. Nh4
{[%clk 0:11:42]} Rc6 {[%clk 0:32:15]} 30. Nf3 {[%clk 0:11:22]} Rfc8
{[%clk 0:32:43]} 31. Rfd1 {[%clk 0:08:07]} Rc1 {[%clk 0:33:06]} 32. Kg2
{[%clk 0:08:19]} Bd8 {[%clk 0:31:01]} 33. Be3 {[%clk 0:08:09]} Rxd1
{[%clk 0:31:25]} 34. Rxd1 {[%clk 0:08:33]} Nc4 {[%clk 0:31:18]} 35. Bf2
{[%clk 0:08:19]} Qd7 {[%clk 0:30:39]} 36. h4 {[%clk 0:07:27]} f6 {[%clk 0:29:13]}
37. Rh1 {[%clk 0:06:38]} f5 {[%clk 0:28:51]} 38. h5 {[%clk 0:06:06]} fxg4
{[%clk 0:28:16]} 39. Nh4 {[%clk 0:01:07]} gxh5 {[%clk 0:27:18]} 40. Qd3
{[%clk 0:31:02]} g6 {[%clk 0:57:21]} 41. Nxg6 {[%clk 0:29:09]} Nf5
{[%clk 0:57:33]} 42. Rxh5 {[%clk 0:28:24]} Qf7 {[%clk 0:50:41]} 43. Rxf5
{[%clk 0:28:29]} exf5 {[%clk 0:51:09]} 44. Qxf5 {[%clk 0:28:50]} Qxf5
{[%clk 0:51:38]} 45. Bxf5 {[%clk 0:29:13]} Rc6 {[%clk 0:52:03]} 46. b3
{[%clk 0:18:20]} Nd2 {[%clk 0:49:07]} 47. e6 {[%clk 0:15:49]} Rc7
{[%clk 0:49:16]} 48. Kg3 {[%clk 0:09:15]} Ne4+ {[%clk 0:46:47]} 49. Bxe4
{[%clk 0:09:40]} dxe4 {[%clk 0:47:14]} 50. Kxg4 {[%clk 0:07:39]} Rc2
{[%clk 0:47:26]} 51. Be3 {[%clk 0:07:36]} Ba5 {[%clk 0:46:36]} 52. f5
{[%clk 0:07:33]} Bb4 {[%clk 0:43:26]} 53. f6 {[%clk 0:07:06]} Rxa2
{[%clk 0:43:55]} 54. Kf5 {[%clk 0:06:17]} Re2 {[%clk 0:43:49]} 55. e7
{[%clk 0:05:53]} Bxe7 {[%clk 0:44:08]} 56. fxe7 {[%clk 0:04:43]} Kf7
{[%clk 0:44:37]} 57. Bg5 {[%clk 0:03:50]} Rg2 {[%clk 0:42:41]} 58. Ne5+
{[%clk 0:03:38]} Ke8 {[%clk 0:43:11]} 59. d5 {[%clk 0:03:13]} e3 {[%clk 0:42:49]}
60. d6 {[%clk 0:03:17]} 1-0